UM Logo

How to start an independent practice : (Record no. 5243)

MARC details
000 -LEADER
fixed length control field 01304cam a22003494a 4500
001 - CONTROL NUMBER
control field 13095974
005 - DATE AND TIME OF LATEST TRANSACTION
control field 20161015102511.0
008 - FIXED-LENGTH DATA ELEMENTS--GENERAL INFORMATION
fixed length control field 030219s2003 paua b 001 0 eng
010 ## - LIBRARY OF CONGRESS CONTROL NUMBER
LC control number 2003043772
020 ## - INTERNATIONAL STANDARD BOOK NUMBER
International Standard Book Number 0-8036-1058-0
035 ## - SYSTEM CONTROL NUMBER
System control number (DNLM)101168296
040 ## - CATALOGING SOURCE
Original cataloging agency DNLM/DLC
Transcribing agency DLC
Modifying agency DLC
042 ## - AUTHENTICATION CODE
Authentication code pcc
050 00 - LIBRARY OF CONGRESS CALL NUMBER
Classification number RT86.7
Item number .Z38 2003
060 10 - NATIONAL LIBRARY OF MEDICINE CALL NUMBER
Classification number WY 128
Item number Z39h 2003
082 00 - DEWEY DECIMAL CLASSIFICATION NUMBER
Classification number DC 610.730692
Edition number 2003
Item number Z1
100 1# - MAIN ENTRY--PERSONAL NAME
Personal name Zaumeyer, Carolyn R.
245 10 - TITLE STATEMENT
Title How to start an independent practice :
Remainder of title the nurse practitioner's guide to success /
Statement of responsibility, etc. Carolyn R. Zaumeyer.
260 ## - PUBLICATION, DISTRIBUTION, ETC. (IMPRINT)
Place of publication, distribution, etc. Philadelphia :
Name of publisher, distributor, etc. F.A. Davis,
Date of publication, distribution, etc. c2003.
300 ## - PHYSICAL DESCRIPTION
Extent xiv, 317 pages :
Other physical details illustrations ;
Dimensions 23 cm.
504 ## - BIBLIOGRAPHY, ETC. NOTE
Bibliography, etc Includes bibliographical references and index.
650 #0 - SUBJECT ADDED ENTRY--TOPICAL TERM
Topical term or geographic name as entry element Nursing
General subdivision Practice.
650 #0 - SUBJECT ADDED ENTRY--TOPICAL TERM
Topical term or geographic name as entry element Nursing practitioners.
650 #0 - SUBJECT ADDED ENTRY--TOPICAL TERM
Topical term or geographic name as entry element New business enterprises
General subdivision Management.
650 12 - SUBJECT ADDED ENTRY--TOPICAL TERM
Topical term or geographic name as entry element Nurse Practitioners
General subdivision organization & administration.
650 22 - SUBJECT ADDED ENTRY--TOPICAL TERM
Topical term or geographic name as entry element Entrepreneurship
General subdivision organization & administration.
650 22 - SUBJECT ADDED ENTRY--TOPICAL TERM
Topical term or geographic name as entry element Private Practice
General subdivision organization & administration.
365 ## - TRADE PRICE
Price amount 3,995.00
Currency code Php
906 ## - LOCAL DATA ELEMENT F, LDF (RLIN)
a 7
b cbc
c orignew
d 1
e ocip
f 20
g y-gencatlg
942 ## - ADDED ENTRY ELEMENTS (KOHA)
Source of classification or shelving scheme Dewey Decimal Classification
Koha item type Circulation
Holdings
Withdrawn status Lost status Source of classification or shelving scheme Damaged status Not for loan Home library Current library Date acquired Total Checkouts Full call number Barcode Date last seen Copy number Price effective from Koha item type
    Dewey Decimal Classification     UM Digos College - LIC UM Digos College - LIC 06/10/2019   DC 610.730692 Z1 2003 17392 06/10/2019 1 06/10/2019 Circulation